000 00643nam a2200181Ia 4500
008 090124s9999 xx 000 0 und d
082 _b5121
100 _aकुलकर्णी गोविंद विष्णु
245 _a दर्शन सारमाला भाग2
250 _a0
260 _c1967
300 _a48
600 _aकुलकर्णी गोविंद विष्णु
630 _a दर्शन सारमाला भाग2
700 _aकुलकर्णी गोविंद विष्णु
730 _a दर्शन सारमाला भाग2
942 _cBOOK
999 _c84076
_d84076